| Поле | Название | Значение |
| |
Тип записи |
i |
| |
Библиографический уровень |
m |
| 001 |
Контрольный номер |
RU/IS/BASE/418924566 |
| 005 |
Дата корректировки |
20260210161512.7 |
| 010 |
Индекс ISBN |
__ |
| d |
Цена |
154-58 |
| 101 |
Язык документа |
1_ |
| a |
Язык текста |
rus |
| c |
Язык оригинала |
eng |
| 200 |
Заглавие и сведения об ответственности |
1_ |
| a |
Заглавие |
Джон Картер |
| e |
Сведения, относящиеся к заглавию |
[роман : аудиокнига : 12+] |
| f |
Первые сведения об ответственности |
Эдгар Райс Берроуз ; читает Виктор Рудниченко ; [звукорежиссер Полина Станчева ; оператор звукозаписи Евгения Коновалова ; пер. с англ. Э. К. Бродерсена] |
| b |
Общее обозначение материала |
Звукозапись |
| 210 |
Выходные данные |
1_ |
| a |
Место издания |
М. |
| c |
Издательство |
АРДИС |
| d |
Дата издания |
2012 |
| 215 |
Физическое описание |
__ |
| a |
Объем |
1 электрон. опт. диск (Audio CD) (08 ч. 27 мин.) |
| 225 |
Серия |
2_ |
| a |
Серия |
Фантастика и приключения |
| 300 |
Общие примечания |
__ |
| a |
Общие примечания |
mp3 ; 160 Kbps ; 16 bit ; 44.1 ; stereo |
| 323 |
Примечание о главных создателях, исполнителях, участниках |
__ |
| a |
Примечание о главных создателях, исполнителях, участниках |
Рудниченко, В. |
| 330 |
Аннотация |
__ |
| a |
Аннотация |
Эдгар Райс Берроуз - популярный американский писатель, оказавший огромное влияние на развитие жанра приключенческой фантастики и всей массовой литературы XX века, автор супербестселлеров о Тарзане и приключениях на Марсе. Предлагаем вашему вниманию первый роман марсианской серии о Джоне Картере "А Princess of Маrs" (в русском переводе "Принцесса Марса" или "Дочь тысячи джеддаков"). Главный герой - американский офицер, спасаясь от индейцев в горах Дикого Запада, невероятным способом оказывается на Марсе, где его ждут драки, погони и поединки на мечах, чудовищные монстры, невообразимые пейзажи и встреча прекрасной принцессой Деей Торис. |
| 333 |
Примечание о целевом назначении |
__ |
| a |
Примечание о целевом назначении |
12+. Для детей старше 12 лет |
| 606 |
Тематические рубрики |
__ |
| a |
Основная рубрика |
Художественная литература |
| 606 |
Тематические рубрики |
__ |
| a |
Основная рубрика |
Литература Америки (произведения) |
| z |
Хронологическая подрубрика |
20 в. |
| y |
Географическая подрубрика |
США |
| 610 |
Ключевые слова |
0_ |
| a |
Ключевые слова |
зарубежная литература; иностранная литература; американская литература; фантастические романы; романы; фантастика; тема приключений; тема фантастики; тема космоса; фэнтези; фэнтези |
| 686 |
Индексы других классификаций |
__ |
| a |
Классификационный индекс |
84(7Сое)6-445я04; ст84(7Сое)-4я0 |
| 700 |
Автор |
_1 |
| a |
Фамилия |
Берроуз |
| b |
Имя |
Э. Р. |
| f |
Даты |
1875-1950 |
| g |
Полное личное имя |
Эдгар Райс |
| 4 |
Код отношения |
070 |
| 702 |
Вторичная интеллектуальная ответственность |
_1 |
| a |
Фамилия |
Станчева |
| b |
Имя |
П. |
| 4 |
Код отношения |
Звукорежиссер |
| 4 |
Код отношения |
570 |
| 702 |
Вторичная интеллектуальная ответственность |
_1 |
| a |
Фамилия |
Коновалова |
| b |
Имя |
Е. |
| 4 |
Код отношения |
Прочие |
| 4 |
Код отношения |
570 |
| 702 |
Вторичная интеллектуальная ответственность |
_1 |
| a |
Фамилия |
Бродерсен |
| b |
Имя |
Э. К. |
| 4 |
Код отношения |
Переводчик |
| 4 |
Код отношения |
730 |
| 801 |
Источник записи |
_0 |
| a |
Страна |
RU |
| b |
Организация |
Муниципальное бюджетное учреждение культуры "Централизованная библиотечная система" г. Сургут (Центральная городская библиотека им. А. С. Пушкина) |
| g |
Правила каталогизации |
КиК/Апакова |
| 801 |
Источник записи |
_1 |
| a |
Страна |
RU |
| b |
Организация |
Муниципальное бюджетное учреждение культуры "Централизованная библиотечная система" г. Сургут (Центральная городская библиотека им. А. С. Пушкина) |
| g |
Правила каталогизации |
КиК/Апакова |
| 852 |
Данные о местонахождении |
__ |
| j |
Шифр хранения |
84(7Сое)6-445я04 |
| i |
Авторский знак |
Б 51 |
| 901 |
Тип документа |
__ |
| t |
Тип документа |
0 |
| 903 |
Характеристики (МАРС) |
__ |
| a |
Дата передачи |
20130410 |
| 969 |
Тип издания |
__ |
| a |
Тип издания |
аудиокнига; издание для слепых |
| 990 |
Данные о заказе (DOS) |
__ |
| j |
Количество экземпляров (DOS) |
10 |
| h |
N записи в КСУ для Б/У (DOS) |
201304 |